Online
Catalog

Fantasmas de amor que rondaron el veintiocho : (Record no. 9431)

MARC details
000 -CABECERA
campo de control de longitud fija 01175cam a2200265 a 4500
001 - NÚMERO DE CONTROL
campo de control 000009671
005 - FECHA Y HORA DE LA ÚLTIMA TRANSACCIÓN
campo de control 20200929161650.0
008 - DATOS DE LONGITUD FIJA--INFORMACIÓN GENERAL
campo de control de longitud fija 951204s1995 ck 000 0 spa
020 ## - NÚMERO INTERNACIONAL ESTÁNDAR DEL LIBRO
Número Internacional Estándar del Libro 9586122123
035 ## - NÚMERO DE CONTROL DEL SISTEMA
Número de control de sistema (DLC) 95229875
040 ## - FUENTE DE LA CATALOGACIÓN
Centro catalogador/agencia de origen DO-SdBNP
Centro/agencia transcriptor DLC
Centro/agencia modificador DLC
082 ## - NÚMERO DE LA CLASIFICACIÓN DECIMAL DEWEY
Número de clasificación C862.44
Número de documento/Ítem N318f
049 ## - FONDOS LOCALES (OCLC)
Fondos de biblioteca BNGR
100 1# - ENTRADA PRINCIPAL--NOMBRE DE PERSONA
Nombre de persona Navajas Cortés, Esteban.
Fechas asociadas al nombre 1948-
9 (RLIN) 24566
245 10 - MENCIÓN DE TÍTULO
Título Fantasmas de amor que rondaron el veintiocho :
Resto del título obra dramática escrita en trece jornadas /
Mención de responsabilidad, etc. Esteban Navajas Cortés.
260 ## - PUBLICACIÓN, DISTRIBUCIÓN, ETC.
Lugar de publicación, distribución, etc. Colombia :
Nombre del editor, distribuidor, etc. Tercer Mundo,
Fecha de publicación, distribución, etc. 1995.
300 ## - DESCRIPCIÓN FÍSICA
Extensión 88 p. ;
Dimensiones 21 cm.
490 1# - MENCIÓN DE SERIE
Mención de serie Colcultura
-- Literatura
520 ## - SUMARIO, ETC.
Sumario, etc. "Obra en torno al movimiento obrero ocurrido en las plantaciones bananeras colombianas en 1928. La acción obrera es seguida desde el recinto de una casa de baile. De especial interés es la caracterización interior de los personajes"--Handbook of Latin American Studies, v. 58.
Identificador Uniforme del Recurso <a href="http://www.loc.gov/hlas/">http://www.loc.gov/hlas/</a>
586 ## - NOTA DE PREMIOS
Nota de premios Premios Nacionales de Cultura, 1994
650 #4 - PUNTO DE ACCESO ADICIONAL DE MATERIA--TÉRMINO DE MATERIA
Término de materia o nombre geográfico como elemento de entrada Teatro colombiano
9 (RLIN) 9025
650 #4 - PUNTO DE ACCESO ADICIONAL DE MATERIA--TÉRMINO DE MATERIA
Término de materia o nombre geográfico como elemento de entrada Literastura colombiana
Subdivisión cronológica SIGLO XX
9 (RLIN) 24567
830 #0 - PUNTO DE ACCESO ADICIONAL DE SERIE-TÍTULO UNIFORME
Título uniforme Colcultura ;
Nombre de parte o sección de la obra Literatura
9 (RLIN) 24568
910 ## - DATOS DE OPCIÓN DEL USUARIO (OCLC)
Datos de opción del usuario Catalogación por copia / LC
Holdings
Estado de retiro Estado de pérdida Restricciones de uso No para préstamo Código de colección Localización permanente Ubicación/localización actual Ubicación en estantería Fecha de adquisición Número de inventario Total de préstamos Signatura topográfica completa Código de barras Fecha visto por última vez Precio válido a partir de Tipo de ítem Koha
    Préstamo interno   Monografías: Libros y Folletos General General En catalogación 30.09.2009 LF1   C862.44 N318f 9671-10 25.06.2020 25.06.2020 Préstamo interno

Powered by Koha